书目信息 |
| 题名: |
别墅庭院
|
|
| 作者: | 张长江 著 | |
| 分册: | 大洋洲 非洲 亚洲 | |
| 出版信息: | 北京 中国林业出版社 2015 |
|
| 页数: | 257页 | |
| 开本: | 23×24cm | |
| 丛书名: | 形态创意设计丛书 | |
| 单 册: | ||
| 中图分类: | TU986.5-64 , TU986 | |
| 科图分类: | ||
| 主题词: | 别墅--庭院--园林设计--世界--图集 | |
| 电子资源: | ||
| ISBN: | 978-7-5038-8000-1 | |
| 000 | 00874oam2 2200253 450 | |
| 001 | 2363154908 | |
| 005 | 20231126194019.16 | |
| 010 | @a978-7-5038-8000-1@dCNY128.00 | |
| 100 | @a20151101d2015 em y0chiy50 ea | |
| 101 | 0 | @achi |
| 102 | @aCN@b110000 | |
| 105 | @aa z 000yy | |
| 200 | 1 | @a别墅庭院@Abie shu ting yuan@i大洋洲 非洲 亚洲@f张长江著 |
| 210 | @a北京@c中国林业出版社@d2015 | |
| 215 | @a257页@d23×24cm | |
| 225 | 1 | @a形态创意设计丛书 |
| 330 | @a本书以全球的视角,用赽亲历体验的方式,介绍了大洋洲、非洲、亚洲等多国家城市与乡村大量的别墅案例作品,分析了这些设计背后的形态创意、材料使用以及设计因素等方面内容。 | |
| 461 | 0 | @12001 @a形态创意设计丛书 |
| 606 | 0 | @a别墅@x庭院@x园林设计@y世界@j图集 |
| 690 | @aTU986.5-64@v5 | |
| 690 | @aTU986@v4 | |
| 701 | 0 | @a张长江@Azhang chang jiang@4著 |
| 801 | 0 | @aCN@b山东中教@c20231126 |
| 905 | @aBZT@dTU986@e6:1 | |
| 别墅庭院.大洋洲 非洲 亚洲/张长江著.-北京:中国林业出版社,2015 |
| 257页;23×24cm.-(形态创意设计丛书) |
| ISBN 978-7-5038-8000-1:CNY128.00 |
| 本书以全球的视角,用赽亲历体验的方式,介绍了大洋洲、非洲、亚洲等多国家城市与乡村大量的别墅案例作品,分析了这些设计背后的形态创意、材料使用以及设计因素等方面内容。 |
| ● |
| 相关链接 |
|
|
|
正题名:别墅庭院
索取号:TU986/6:1
 
预约/预借
| 序号 | 登录号 | 条形码 | 馆藏地/架位号 | 状态 | 备注 |
| 1 | 2001213779 | 2001213779 | 中教(第二批第二书库)/山东中教(第二批)/514/ [索取号:TU986/6:1] | 在馆 | |
| 2 | 2001213780 | 2001213780 | 中教(第二批第二书库)/山东中教(第二批)/514/ [索取号:TU986/6:1] | 在馆 | |
| 3 | 2001213781 | 2001213781 | 中教(第二批第二书库)/山东中教(第二批)/514/ [索取号:TU986/6:1] | 在馆 | |
| 4 | 2001213782 | 2001213782 | 中教(第二批第二书库)/山东中教(第二批)/514/ [索取号:TU986/6:1] | 在馆 | |
| 5 | 2001213783 | 2001213783 | 中教(第二批第二书库)/山东中教(第二批)/514/ [索取号:TU986/6:1] | 在馆 | |
| 6 | 2001213784 | 2001213784 | 中教(第二批第二书库)/山东中教(第二批)/514/ [索取号:TU986/6:1] | 在馆 | |
| 7 | 2001213785 | 2001213785 | 中教(第二批第二书库)/山东中教(第二批)/514/ [索取号:TU986/6:1] | 在馆 | |
| 8 | 2001213786 | 2001213786 | 中教(第二批第二书库)/山东中教(第二批)/514/ [索取号:TU986/6:1] | 在馆 | |
| 9 | 2001213787 | 2001213787 | 中教(第二批第二书库)/山东中教(第二批)/514/ [索取号:TU986/6:1] | 在馆 | |
| 10 | 2001213788 | 2001213788 | 中教(第二批第二书库)/山东中教(第二批)/514/ [索取号:TU986/6:1] | 在馆 | |
| 11 | 2001213789 | 2001213789 | 中教(第二批第二书库)/山东中教(第二批)/514/ [索取号:TU986/6:1] | 在馆 | |
| 12 | 2001213790 | 2001213790 | 中教(第二批第二书库)/山东中教(第二批)/514/ [索取号:TU986/6:1] | 在馆 | |
| 13 | 2001213791 | 2001213791 | 中教(第二批第二书库)/山东中教(第二批)/514/ [索取号:TU986/6:1] | 在馆 | |
| 14 | 2001213792 | 2001213792 | 中教(第二批第二书库)/山东中教(第二批)/514/ [索取号:TU986/6:1] | 在馆 | |
| 15 | 2001213793 | 2001213793 | 中教(第二批第二书库)/山东中教(第二批)/514/ [索取号:TU986/6:1] | 在馆 |